| 000 | 00654 a2200193 4500 | ||
|---|---|---|---|
| 020 | _a0750307595 | ||
| 020 | _a9780750307598 | ||
| 082 | 0 | 4 | _a536.71 |
| 090 |
_c1505 _d1505 |
||
| 100 | _aLeff, Harvey S. | ||
| 245 | 1 | 0 |
_aMaxwell's demon 2 : _bentropy, classical and quantum information, computing / _cHarvey Leff, Andrew F. Rex. |
| 250 | _a1st ed. | ||
| 260 |
_a[S.l.] : _bTaylor & Francis, _c2002. |
||
| 300 |
_a502 p. ; _c25 cm. |
||
| 700 | 1 | _aLeff, Harvey. | |
| 700 | 1 | _aRex, Andrew F. | |
| 942 |
_aSNS _cBK _k536.71 LEF |
||
| 999 |
_c30116 _d30116 |
||